02715njm a2200421Ia 450000100060000000300090000600500170001500800410003204000130007304000130008604100130009910000110011210000180012310000380014124500990017925000110027826000110028926000570030030000100035730000290036750000380039650503510043451100160078565000490080170001700085070000560102070001490107670002240122570000780144970001890152770000830171670000660179970000960186570000660196170000920202770000770211970000970219621052IT-RoPAU20220918181119.0131025s9999 xx 000 0 und d aIT-RoPAU cIT-RoPAU aITALIANO aAA.VV. eAutore musica gCodice autore musica SPICS: 12000 aPer aver visto un uomo piangere e soffrire Dio si trasformò in musica e poesia (Lp 6323 010) a1a ed. aITALIA bPHILIPSc1971 [1a Ed.:1971 - Ed. Lingua Orig.: 1971] aDISCO c41 minuti (Testo: pag.) aMusica leggera. Canzone italiana. aPreghiera (4:00) - Un uomo una donna una bambina (4:00) - Un volto bianco sulla neve (4:00) - T. L. & R. [(Thunder, Lightning and Rain) (5:00)] - Follow the Lamb (4:00) - Morire... dormire... forse sognare (5:00) - Lanterne antiche (3:00) - Poema degli occhi (3:00) - Storia di una donna che ha amato due volte un uomo che non sapeva amare (9:00) aPravo Patty aCANZONE [DISCHI]eCodice MATERIA SPICS: 9950 aBardotti SergiogCodice autore musica SPICS: 13862eAutore musicapPreghiera - Un uomo una donna una bambina - Morire... dormire... forse sognare - Poema degli occhi aTrimgCodice autore SPICS: 24602eAutorepPreghiera aVitalis A.gCodice autore testo/musica SPICS: 24652eAutore testo/musicapPreghiera - Un uomo una donna una bambina - Un volto bianco sulla neve aPallavicini VitogCodice autore musica SPICS: 13656eAutore musicapUn uomo una donna una bambina - Un volto bianco sulla neve - Lanterne antiche - Storia di una donna che ha amato due volte un uomo che non sapeva amare aCroisillegCodice autore SPICS: 24603eAutorepUn volto bianco sulla neve aShapiro David ShelgCodice autore musica SPICS: 24542eAutore musicapT. L. & R. (Thunder, Lightning and Rain) - Storia di una donna che ha amato due volte un uomo che non sapeva amare aStyne JulesgCodice autore musica SPICS: 11167eAutore musicapFollow the Lamb aCahan S.gCodice autore SPICS: 24604eAutorepFollow the Lamb aBacalov Enriquez L.gCodice autore SPICS: 24605eAutorepMorire... dormire... forse sognare aStewartgCodice autore SPICS: 24606eAutorepLanterne antiche aAshdowngCodice autore testo/musica SPICS: 24653eAutore testo/musicapLanterne antiche aDe Moraes ViniciusgCodice autore SPICS: 8011eAutorepPoema degli occhi aSoledade P.gCodice autore testo/musica SPICS: 24654eAutore testo/musicapPoema degli occhi